Epistemología y ciencias sociales /

Guardat en:
Dades bibliogràfiques
Autor principal: Adorno, Theodor W. (autor)
Format: Llibre
Idioma:espanyol
Publicat: Madrid, España : Valencia, España : Cátedra ; Universidad de Valencia, 2001, c2001
Col·lecció:(Frónesis ; 29)
Matèries:
Etiquetes: Afegir etiqueta
Sense etiquetes, Sigues el primer a etiquetar aquest registre!

MARC

LEADER 00000nam^a2200000^a^4500
001 000163924
005 20250521000000.0
009 20260310100925.456
020 |a 84-376-1922-X 
037 |a Acervo ITESO - Biblioteca 
041 |a ESP 
082 |a 300. 1  |b ADO 
100 |a Adorno, Theodor W.  |e (autor) 
245 1 0 |a Epistemología y ciencias sociales /  |c T.W. Adorno ; tr. por Vicente Gómez. 
264 4 |a Madrid, España :  |b Cátedra ;  |a Valencia, España :  |b Universidad de Valencia,  |c 2001, c2001 
300 |a 128 p. 
336 |a texto  |b txt  |2 rdacontenido 
337 |a sin mediación  |b n  |2 rdamedio 
338 |a volumen  |b nc  |2 rdasoporte 
440 1 |a (Frónesis ;  |v 29) 
649 |a XX 
650 |a Sociedad -  |x Teoría 
650 |a Epistemología -  |x Tema Principal 
650 |a Teoría Crítica 
650 |a Escuela de Frankfurt 
650 |a Filosofía del Siglo XX 
650 |a Sociología -  |z Alemania 
650 |a Sociología -  |x Teoría 
650 |a Ciencias Sociales -  |x Teoría -  |x Tema Principal 
910 |a Fondo General 
920 |a Impresos - Libros 
930 |a Colección General 
905 |a 101 
901 |a 0500097594  |b IT1  |c ACC  |u 20250521 
902 |a https://opac.biblio.iteso.mx/vufind/Record/000163924